|
|
|
|
| LEADER |
01135nam a2200265 a 4500 |
| 001 |
2561032 |
| 008 |
120226s1995 nyua b 001 0 eng |
| 010 |
|
|
|a 95030341
|
| 020 |
|
|
|a 0028740483
|
| 040 |
|
|
|a DLC
|c DLC
|d DLC
|d BD-DhAAL
|
| 043 |
|
|
|a n-us---
|
| 050 |
0 |
0 |
|a HD9696.C64
|b M533 1995
|
| 082 |
0 |
0 |
|a 338.7/610051/0973
|2 20
|
| 100 |
1 |
|
|a Cusumano, Michael A.,
|d 1954-
|
| 245 |
1 |
0 |
|a Microsoft secrets :
|b how the world's most powerful software company creates technology, shapes markets, and manages people /
|c Michael A. Cusumano, Richard W. Selby.
|
| 260 |
|
|
|a New York :
|b Free Press,
|c c1995.
|
| 300 |
|
|
|a xii, 512 p. :
|b ill. ;
|c 24 cm.
|
| 504 |
|
|
|a Includes bibliographical references (p. 477-491) and index.
|
| 541 |
|
|
|e 00024512
|
| 610 |
2 |
0 |
|a Microsoft Corporation.
|
| 650 |
|
0 |
|a Computer software industry
|z United States.
|
| 700 |
1 |
|
|a Selby, Richard W.
|
| 852 |
1 |
|
|a Ayesha Abed Library
|c General shelf.
|
| 999 |
|
|
|c 11916
|d 11916
|
| 952 |
|
|
|0 0
|1 0
|2 ddc
|4 0
|6 338_761005109730000_CUS
|7 0
|9 19595
|a BRACUL
|b BRACUL
|c GEN
|d 2012-03-05
|e Trim Education
|g 1950.00
|l 10
|m 73
|o 338.76100510973 CUS
|p 3010024512
|r 2019-09-21
|s 2019-05-23
|t 1
|w 2012-03-05
|y BK
|